000 00718nam a2200253Ia 4500
003 OSt
005 20221007075230.0
006 a|||||r|||| 00| 0
007 ta
008 221006b |||||||| |||| 00| 0 eng d
024 _a3,137
037 _cTextual
040 _aFLL
_cFLL
_beng
041 _2eng
_aeng
082 _aZ2,194, M4
100 _aJain D.C. Au.
_9693685
245 0 _aMilitary law in India
260 _aNew Delhi
_bDeep and Deep Publications India
_c1984
650 _aMilitary law
700 _a Goel C.G. Au.
_9693686
700 _a Indrayan N.K. Au.
_9693687
942 _hZ2,194, M4
_cTEXL
_2CC
999 _c1155273
_d1155273